Nomenclátor de la Provincia de Lérida
Publicado:
[s.l., s.n., s.a.] :
Descripción Física:
131 p. ; 42 cm
MARC
| LEADER | 00000nam a2200000Ia 4500 | ||
|---|---|---|---|
| 001 | 9858 | ||
| 008 | 160829s9999 xx 000 0 cat d | ||
| 080 | |a FOL-1-5 | ||
| 245 | |a Nomenclátor de la Provincia de Lérida | ||
| 260 | |a [s.l., s.n., s.a.] | ||
| 300 | |a 131 p. ; |c 42 cm | ||
| 590 | |a Al llom del llibre hi consta: Casa de Caridad. | ||
| 590 | |a No es troba l'any en cap pàg. del llibre. No obstant, les dades corresponen, probablement, al cens de l'any 1860. | ||
| 650 | |a Lleida (Província) |x Població |x 1860 |9 31835 | ||
| 650 | |a Topònims |x Lleida (Província) |x 1860 |9 31836 | ||
| 650 | |a Lleida (Província) |x Censos |x 1860 |9 31837 | ||
| 901 | |a Arxiu | ||
| 942 | |n 1 | ||
| 952 | |0 0 |1 0 |4 0 |6 FOL15 |7 1 |9 45770 |a Arxiu |b Arxiu |d 2016-12-01 |l 0 |o FOL-1-5 |p 9858 |r 2016-12-01 00:00:00 |w 2016-12-01 |y ARXIU | ||
| 999 | |c 49270 |d 49270 | ||